Poistenie: kvalitná zmluva znižuje nečakané riziká
Význam poistenia logistických nehnuteľností pri eliminácii rizík a nečakaných udalostí. Ponuka poisťovne prispôsobená požiadavkam klienta. Najväčšie obavy firiem pred požiarmi a explóziami. Dôležitosť aktualizácie poistnej zmluvy pri zmenách. Cena poistenia závislá od individuálnej požiadavky na poi...
Saved in:
| Main Author: | |
|---|---|
| Format: | Book Chapter |
| Language: | Slovak |
| Subjects: | |
| Tags: |
No Tags, Be the first to tag this record!
|
MARC
| LEADER | 00000naa a2200000 4500 | ||
|---|---|---|---|
| 001 | 0247398 | ||
| 005 | 20180903102728.9 | ||
| 041 | 0 | |a slo | |
| 044 | |a CZ | ||
| 245 | 1 | 0 | |a Poistenie: kvalitná zmluva znižuje nečakané riziká |c Jozef Brezovský |
| 520 | |a Význam poistenia logistických nehnuteľností pri eliminácii rizík a nečakaných udalostí. Ponuka poisťovne prispôsobená požiadavkam klienta. Najväčšie obavy firiem pred požiarmi a explóziami. Dôležitosť aktualizácie poistnej zmluvy pri zmenách. Cena poistenia závislá od individuálnej požiadavky na poistné krytie. Najlepším je tzv. All Risk poistenie. | ||
| 610 | 2 | 0 | |a nehnuteľnosti |
| 610 | 2 | 0 | |a budovy |
| 610 | 2 | 0 | |a sklady |
| 610 | 2 | 0 | |a stroje |
| 610 | 2 | 0 | |a poistenie |
| 610 | 2 | 0 | |a riziko |
| 100 | 1 | |a Brezovský, Jozef | |